000 02117nam0a2200397 i 4500
001 RU\NLR\BIBL_A\012061835
005 20260405160708.0
010 _a9785778238015
_93000
021 _aRU
_b2019-46093
_9КН-П-3369
035 _a(RuMoRGB)010018857
035 _a(NLR Aleph) 012061835
090 _a11709180
_c11709180
100 _a20190722d2019 k y0rusy50 ca
101 0 _arus
_deng
102 _aRU
105 _aa|||z|||000zy
200 1 _aЭксергетические исследования и оптимизация режимов работы ТЭЦ
_dExergy research and optimazation of CHPP operating modes
_e[монография]
_fП.А. Шинников, О.В. Боруш, С.В. Зыков
_zeng
210 _aНовосибирск
_cИзд-во НГТУ
_d2019
215 _a201 с.
_cил., табл.
_d23
225 1 _aМонографии НГТУ
_fредкол.: д.т.н., проф. (пред.) А.А. Батаев [и др.]
300 _aАвт. также на англ. яз.: P.A. Shchinnikov, O.V. Borush, S.V. Zykov
300 _aРез. англ.
320 _aБиблиогр.: с. 187-196 (130 назв.)
510 1 _6z77790
_aExergy research and optimazation of CHPP operating modes
_zeng
606 1 _aТеплоэлектроцентрали
_xРежим работы
_xОптимизация
_91867174
_3RU\NLR\AUTH\661138318
606 1 _aТеплоэлектроцентрали
_xОборудование
_xЭксергетический анализ
_92419966
_3RU\NLR\AUTH\6601659903
686 1 _aЗ37-022.5
686 1 _aЗ37-5-022.4
700 1 _7ca
_8rus
_aЩинников
_bП. А.
_f1963-
_gПавел Александрович
_3RU\NLR\AUTH\7767294
_950222
701 1 _aБоруш
_bО. В.
_gОлеся Владимировна
701 1 _aЗыков
_bС. В.
_gСергей Владимирович
790 1 _7ba
_8rus
_aŠčinnikov
_bP. A.
_f1963-
_gPavel Aleksandrovič
_3RU\NLR\AUTH\7767295
_950223
942 _cBOOK
980 _aNBR